000 00268nam a22001217a 4500
008 180601b xxu||||| |||| 00| 0 eng d
041 _aeng
080 _a043.3
100 _a0
101 _aARK-BTH
245 _aBanim i integruar social
_cHaziri,B
942 _2udc
_cBK
999 _c46248
_d46248